| 000 | 01442cam a22002775a 4500 | ||
|---|---|---|---|
| 001 | L149152 | ||
| 008 | 100120e20100119xxk f 000 0 eng d | ||
| 020 | _a9781409821595 | ||
| 035 | _a(Sirsi) u149152 | ||
| 041 | 0 | _aeng | |
| 100 | 1 | _aSayce, Sarah | |
| 245 | 0 | 0 |
_aGarden developments understanding the issues _ban investigation into residential development on gardens in England _h[electronic resource] |
| 260 |
_aLondon _bDCLG _c2010 |
||
| 520 | _aInvestigates the growth in back garden development (garden grabbing) from the planning perspective. Looks at the quantum and types of back garden development over a five year period from 1 April 2003 and 31 March 2008, assesses its contribution to housing supply provision and the effectivness of Planning Policy Statement 3. Questionaire sent to 363 local planning authorities and interviews with selected local planning authorities. Concludes that there is no universal definition of garden land which is regarded as brownfield. | ||
| 590 | _aKA NTK | ||
| 651 | 4 |
_aEngland _y886- |
|
| 690 |
_aPlanning and development _96259 |
||
| 700 | 1 | _aGarside, Peter | |
| 700 | 1 | _aHarris, Charlotte | |
| 700 | 1 | _aVickers, Tony | |
| 700 | 1 | _aVillars, Nicola | |
| 700 | 1 | _aWalford, Nigel | |
| 700 | 1 | _aClements, Billy | |
| 856 | 4 | 0 |
_uhttps://www.communities.gov.uk/publications/planningandbuilding/gardendevelopments _zView the item free of charge at www.communities.org.uk... |
| 942 | _n0 | ||
| 999 |
_c110388 _d110388 |
||